Big 4 Losers Quiz Stats

 Plays Quiz Updated Jun 12, 2018

Challenge
Share
Tweet
Embed
Score 0/26 Timer 05:00
10 Plays Today
League Team % Correct
NFL*Buffalo Bills
87.9%
NFL*Carolina Panthers
79.9%
NHLFlorida Panthers
79.7%
NFL*Minnesota Vikings
76.2%
NHLVegas Golden Knights
74.4%
NFL*Arizona Cardinals
73%
MLBTexas Rangers
71.6%
NFL*Tennessee Titans
70.6%
NFL*Atlanta Falcons
69%
NFL*Los Angeles Chargers
68.1%
NFL*Cincinnati Bengals
68%
MLBTampa Bay Rays
65.9%
MLBColorado Rockies
62.4%
League Team % Correct
NBAUtah Jazz
62%
MLBSan Diego Padres
61.5%
NBANew Jersey Nets
60.7%
NBAOrlando Magic
59.3%
NHLNashville Predators
59.2%
NBAPhoenix Suns
53.9%
MLBMilwaukee Brewers
50.5%
NHLVancouver Canucks
49.2%
NBAIndiana Pacers
48.9%
NHLSt. Louis Blues
44.3%
NHLOttawa Senators
38.2%
NHLBuffalo Sabres
36.9%
NHLSan Jose Sharks
26.7%

You're not logged in!

Compare scores with friends on all Sporcle quizzes.
Join for Free
OR
Log In

You Might Also Like...

Show Comments

Extras

Top Quizzes Today


Score Distribution

Your Account Isn't Verified!

In order to create a playlist on Sporcle, you need to verify the email address you used during registration. Go to your Sporcle Settings to finish the process.

Report this User

Report this user for behavior that violates our Community Guidelines.

Details: